[Event "IBCA EU-chT blind 01st"]
[Site "Warsaw"]
[Date "2016.07.30"]
[Round "7.3"]
[White "Siret, Bernard"]
[Black "Began, Branko"]
[Result "0-1"]
[WhiteElo "1712"]
[BlackElo "1836"]
[PlyCount "54"]
[EventDate "2016.07.24"]
[EventType "team-swiss"]
[EventRounds "9"]
[EventCountry "POL"]
[SourceTitle "CBM 173 Extra"]
[Source "ChessBase"]
[SourceDate "2016.08.29"]
[SourceVersion "1"]
[SourceVersionDate "2016.08.29"]
[SourceQuality "1"]
[WhiteTeam "France"]
[BlackTeam "Croatia"]
[WhiteTeamCountry "FRA"]
[BlackTeamCountry "CRO"]

1. d4 d5 2. e4 dxe4 3. Nc3 Nf6 4. f3 exf3 5. Nxf3 Bg4 6. h3 Bxf3 7. Qxf3 c6 8. Be3 Nd5 9. Bc4 e6 10. 0-0 Nf6 11. g4 Qd7 12. Rae1 Bb4 13. d5 0-0 14. dxe6 fxe6 15. Qf5 Nd5 16. Qe4 Bxc3 17. Rxf8+ Kxf8 18. Rf1+ Bf6 19. g5 Kg8 20. gxf6 gxf6 21. Rxf6 Qg7+ 22. Kh1 Qxf6 23. Bd4 Qf7 24. Qh4 Nd7 25. Bd3 Qf3+ 26. Kg1 N7f6 27. Bxh7+ Nxh7 0-1

[Event "IBCA EU-chT blind 01st"]
[Site "Warsaw"]
[Date "2016.07.29"]
[Round "6.3"]
[White "Van Duuren, Louis"]
[Black "Siret, Bernard"]
[Result "0-1"]
[WhiteElo "1890"]
[BlackElo "1712"]
[PlyCount "58"]
[EventDate "2016.07.24"]
[EventType "team-swiss"]
[EventRounds "9"]
[EventCountry "POL"]
[SourceTitle "CBM 173 Extra"]
[Source "ChessBase"]
[SourceDate "2016.08.29"]
[SourceVersion "1"]
[SourceVersionDate "2016.08.29"]
[SourceQuality "1"]
[WhiteTeam "Netherlands"]
[BlackTeam "France"]
[WhiteTeamCountry "NED"]
[BlackTeamCountry "FRA"]

1. e4 c5 2. Nf3 d6 3. d4 cxd4 4. Nxd4 Nf6 5. Nc3 g6 6. Be3 Bg7 7. f3 Nc6 8. Qd2 0-0 9. 0-0-0 Bd7 10. g4 Nxd4 11. Bxd4 Qa5 12. Kb1 Rfc8 13. Nd5 Qxd2 14. Nxe7+ Kf8 15. Nxg6+ hxg6 16. Rxd2 Be6 17. Bxf6 Bxf6 18. Rxd6 Be5 19. Rd1 Rc5 20. h4 Rac8 21. Bd3 Ra5 22. a3 Rc6 23. a4 Rb6 24. Bb5 a6 25. Rd8+ Kg7 26. Rg1 Rbxb5 27. axb5 Ba2+ 28. Kc1 Bf4+ 29. Kd1 Bc4 0-1